000 00288nam a2200133Ia 4500
100 _aStaniar/ William
942 _cBK
654 _aHandbook
245 _aPlant Engineering Handbook
260 _bMcGraw Hill
_aNEWYORK
_c1950
082 _a621/Sta
300 _a2007
546 _aENGLISH
999 _c23609
_d23609